Estado, política económica y transición en Centroamérica (Notas para su investigación) /

Zapisane w:
Opis bibliograficzny
1. autor: Coraggio, José Luis
Format: Texto
Język:Spanish
Wydane: Managua : 1984
Hasła przedmiotowe:
Etykiety: Dodaj etykietę
Nie ma etykietki, Dołącz pierwszą etykiete!

MARC

LEADER 00000 a a2200000 04500
001 14746
003 cru CRAI/IIS
005 20210601140903.0
008 210513b |||||||| |||| 00| 0 spa d
040 |c cru CRAI/IIS 
090 |a 02.01.03 C257e 
100 1 |a Coraggio, José Luis 
245 1 |a Estado, política económica y transición en Centroamérica (Notas para su investigación) /  |c José Luis Coraggio 
260 |a Managua :   |c 1984 
300 |a 16 p.  
500 |a Colección Centroamérica 
650 |a ESTADO  
650 |a POLITICA ECONOMICA  
942 |2 ddc  |c LI 
999 |c 17341  |d 17341